Guess the Taylor Swift song with no hints #3 - Statistics

General Stats
  • This quiz has been taken 72 times
  • The average score is 180 of 297
Answer Stats
Lyric % Correct
I
98%
the
97%
a
95%
A
95%
it
93%
you
93%
You
93%
ooh
90%
an
88%
me
88%
me?
88%
to
88%
And
86%
and
86%
in
84%
was
84%
my
83%
where
83%
no
81%
on
81%
then
81%
your
81%
like
79%
of
79%
when
79%
its
78%
were
78%
Were
78%
who
78%
so
76%
that
76%
for
74%
just
74%
Time
74%
time
74%
at
72%
there
71%
All
69%
all
69%
said
67%
but
66%
think
66%
by
64%
She
64%
see?
60%
see
60%
string
60%
String
60%
did'nt
59%
didnt
59%
some
59%
isnt
57%
used
57%
One
55%
Teal
55%
Tying
55%
would
55%
along
53%
LA
53%
park
53%
Park
53%
pretty
53%
read
53%
Green
52%
make
52%
grass
50%
shirt
50%
meet
48%
our
48%
shop
48%
yogurt
48%
little
47%
looked
47%
money
47%
somebody
47%
work
47%
Gave
43%
Now
43%
American
41%
baby
41%
Centennial
41%
colour
41%
down
41%
Out
41%
trip
41%
curious
40%
first
40%
signs
40%
singer
40%
sixteen
40%
Bad
38%
clues
38%
their
38%
with
38%
blood
34%
getting
34%
song
33%
ate
31%
cab
31%
Cutting
31%
dinner
31%
waitress
31%
Bold
29%
compasses
29%
heart
29%
Hell
29%
Invisible
29%
invisible
29%
spot
29%
favorite
28%
gold
28%
Gold
28%
healing
28%
into
28%
lakes
28%
lunch
28%
bar
26%
fine
26%
right
26%
three
26%
year
26%
tied
24%
around
22%
wrong
22%
open
21%
pink
21%
Something
21%
broke
19%
demons
19%
heaven
19%
journey
19%
mistakes
19%
single
19%
thread
19%
barbed
17%
boys
17%
brought
17%
leaves
17%
past
17%
pulled
17%
purple
17%
skies
17%
wire
17%
babies
16%
cool
16%
dive
16%
mystical
16%
ooh
16%
presents
16%
send
16%
steel
16%
wondrous
16%
wrapped
16%
arms
14%
Cold
14%
seasons
14%
axe
12%
blues
12%
brave
12%
Chains
12%
grind
12%
showed
12%
wool
12%
No matching quizzes found
Score Distribution
Percent of People with Each Score
Percentile by Number Answered
Your Score History
You have not taken this quiz